| 000 | 00664nam a2200217 a 4500 | ||
|---|---|---|---|
| 005 | 20240418063838.0 | ||
| 008 | 180815s2016 mx r 000 0 spa d | ||
| 020 | _a9788427722248 | ||
| 035 | _aUPN01000226235 | ||
| 049 | _aCG | ||
| 050 | 4 |
_aHD66 _bO4.2 |
|
| 100 | 1 |
_aOlaz Capitán, Angel José _942085 |
|
| 245 | 1 | 0 |
_aCómo trabajar en equipo a través de competencias / _cAngel José Olaz Capitán. |
| 260 |
_aMadrid : _bNarcea, _c2016. |
||
| 300 |
_a154 p. : _bil., cuadros, figs. |
||
| 440 | 0 | _aGuías para la formación | |
| 650 | 2 |
_aTrabajo en equipo _95093 |
|
| 650 | 4 |
_aEducación basada en competencias _913564 |
|
| 905 | _aLibro | ||
| 999 |
_c198331 _d198331 |
||